000 00573nam a22001937a 4500
003 Ost
005 20250403144352.0
008 250402b |||||||| |||| 00| 0 eng d
020 _a9780553824438
040 _cBT-PhCST
050 _a4621
082 _222
_a294.3
_bMIN
100 _aYongey, Mingyur Rinpoche .
245 _aThe joy of living :
_bunlocking the secret and science of happiness /
260 _aLondon,
_bBantam Books,
_cc2007
300 _aix, 272 p. :
_bill. ;
_c21 cm.
500 _aIncludes select bibliography, acknowledgments and index.
942 _2ddc
_cF
999 _c9976
_d9976